[Event "FICGS W-ch st1 g10 email"]
[Site "FICGS email"]
[Date "2012.01.01"]
[Round "1"]
[White "Walden, Janeen"]
[Black "Ponting, Andrew"]
[Result "1-0"]
[WhiteElo "1958"]
[BlackElo "1539"]
[PlyCount "31"]
[EventDate "2012.??.??"]
[EventType "tourn (corr)"]
[EventRounds "8"]
[SourceTitle "Corr 2022"]
[Source "ChessBase"]
[SourceDate "2021.10.24"]
[SourceVersion "1"]
[SourceVersionDate "2021.10.24"]
[SourceQuality "1"]

1. e4 c5 2. Nf3 Nc6 3. d4 cxd4 4. Nxd4 Nf6 5. Nc3 e5 6. Ndb5 d6 7. Bg5 a6 8. Na3 b5 9. Bxf6 gxf6 10. Nd5 f5 11. Bd3 Be6 12. c3 Bg7 13. Nxb5 axb5 14. Bxb5 Bd7 15. exf5 0-0 16. 0-0 1-0

[Event "FICGS W-ch st1 g10 email"]
[Site "FICGS email"]
[Date "2012.01.01"]
[Round "1"]
[White "Walden, Janeen"]
[Black "Wolf, Bernd"]
[Result "1/2-1/2"]
[WhiteElo "1958"]
[BlackElo "2087"]
[PlyCount "91"]
[EventDate "2012.??.??"]
[EventType "tourn (corr)"]
[EventRounds "8"]
[SourceTitle "Corr 2022"]
[Source "ChessBase"]
[SourceDate "2021.10.24"]
[SourceVersion "1"]
[SourceVersionDate "2021.10.24"]
[SourceQuality "1"]

1. e4 c5 2. Nf3 d6 3. d4 cxd4 4. Nxd4 Nf6 5. Nc3 a6 6. Bg5 e6 7. f4 Qb6 8. Qd2 Nc6 9. Bxf6 gxf6 10. Nb3 Bd7 11. 0-0-0 0-0-0 12. Be2 Rg8 13. Bh5 Rg7 14. Kb1 Kb8 15. Rhf1 Rc8 16. g4 Be7 17. Rf3 Na5 18. Nxa5 Qxa5 19. h3 Qc5 20. Rd3 Bc6 21. a3 Qb6 22. f5 Qa5 23. Qh6 Rcg8 24. g5 Qe5 25. Rf3 d5 26. exd5 exd5 27. gxf6 Qxf6 28. Qxf6 Bxf6 29. Nxd5 Be5 30. f6 Rg1 31. Rfd3 Rxd1+ 32. Rxd1 Rd8 33. Bxf7 Bxf6 34. c4 Bg5 35. Be6 Rf8 36. Bg4 Rf2 37. Re1 Rh2 38. Re2 Rxe2 39. Bxe2 Bxd5 40. cxd5 Kc7 41. Bf3 Kd6 42. Kc2 a5 43. b3 Be7 44. Kd3 b5 45. a4 bxa4 46. bxa4 1/2-1/2

[Event "FICGS W-ch st2 g04 email"]
[Site "FICGS email"]
[Date "2011.04.03"]
[Round "1"]
[White "Blinchevsky, Alexander"]
[Black "Walden, Janeen"]
[Result "1-0"]
[WhiteElo "2253"]
[BlackElo "1944"]
[PlyCount "70"]
[EventDate "2011.??.??"]
[EventType "tourn (corr)"]
[EventRounds "6"]
[SourceTitle "Corr 2013"]
[Source "ChessBase"]
[SourceDate "2012.11.12"]
[SourceVersion "1"]
[SourceVersionDate "2012.11.12"]
[SourceQuality "1"]

1. d4 d5 2. c4 c6 3. Nf3 Nf6 4. Nc3 e6 5. Bg5 dxc4 6. e4 b5 7. e5 h6 8. Bh4 g5 9. Nxg5 hxg5 10. Bxg5 Nbd7 11. g3 Bb7 12. exf6 c5 13. d5 Nxf6 14. Bg2 Bh6 15. Bxf6 Qxf6 16. 0-0 0-0-0 17. Nxb5 a6 18. Nc3 exd5 19. Na4 Bf8 20. Re1 Kb8 21. Qc2 Bd6 22. Rad1 Rdg8 23. Rxd5 Qh6 24. Kf1 Qxh2 25. Nc3 Bxg3 26. fxg3 Bxd5 27. Nxd5 Qxg3 28. Qe4 Rh4 29. Qe5+ Qxe5 30. Rxe5 Rd4 31. Ne7 Rxg2 32. Kxg2 Rd2+ 33. Kf3 Rxb2 34. Rxc5 Rxa2 35. Nd5 a5 1-0

[Event "FICGS W-ch st2 g04 email"]
[Site "FICGS email"]
[Date "2011.04.03"]
[Round "1"]
[White "Zeman, Martin"]
[Black "Walden, Janeen"]
[Result "1-0"]
[WhiteElo "2065"]
[BlackElo "1944"]
[PlyCount "37"]
[EventDate "2011.??.??"]
[EventType "tourn (corr)"]
[EventRounds "6"]
[SourceTitle "Corr 2022"]
[Source "ChessBase"]
[SourceDate "2021.10.24"]
[SourceVersion "1"]
[SourceVersionDate "2021.10.24"]
[SourceQuality "1"]

1. e4 c5 2. Nf3 d6 3. d4 cxd4 4. Nxd4 Nf6 5. Nc3 a6 6. Be3 e6 7. f3 b5 8. Qd2 Nbd7 9. g4 b4 10. Nce2 h6 11. 0-0-0 Qc7 12. h4 d5 13. Bf4 e5 14. Bh2 dxe4 15. g5 hxg5 16. hxg5 Rxh2 17. Rxh2 exd4 18. Rh4 Ng4 19. Rxg4 1-0

[Event "FICGS W-ch st1 g21 email"]
[Site "FICGS email"]
[Date "2010.07.02"]
[Round "1"]
[White "Ciocan, Ioan"]
[Black "Walden, Janeen"]
[Result "0-1"]
[WhiteElo "1600"]
[BlackElo "1853"]
[PlyCount "64"]
[EventDate "2010.??.??"]
[EventType "tourn (corr)"]
[EventRounds "6"]
[SourceTitle "Corr 2013"]
[Source "ChessBase"]
[SourceDate "2012.11.12"]
[SourceVersion "1"]
[SourceVersionDate "2012.11.12"]
[SourceQuality "1"]

1. d4 d5 2. c4 c6 3. Nc3 Nf6 4. Bg5 e6 5. e3 Nbd7 6. Nf3 Qa5 7. Nd2 dxc4 8. Bxf6 Nxf6 9. Bxc4 Be7 10. 0-0 0-0 11. a3 e5 12. d5 cxd5 13. Nb3 Qb6 14. Nxd5 Nxd5 15. Bxd5 Rd8 16. e4 Be6 17. Qf3 Bxd5 18. exd5 a5 19. Rab1 Qb5 20. Rfd1 Rd7 21. Qd3 Qxd3 22. Rxd3 e4 23. Rd4 f5 24. g3 a4 25. Na1 Bc5 26. Rdd1 Rad8 27. Nc2 Rxd5 28. Rxd5 Rxd5 29. Kf1 Rd2 30. Ne3 Bxe3 31. fxe3 Rxh2 32. b3 Rh1+ 0-1

[Event "FICGS class C 000083 email"]
[Site "FICGS email"]
[Date "2009.08.15"]
[Round "1"]
[White "Walden, Janeen"]
[Black "Nizar, Muhammad"]
[Result "1-0"]
[WhiteElo "2000"]
[BlackElo "1800"]
[PlyCount "35"]
[EventDate "2009.??.??"]
[EventType "tourn (corr)"]
[EventRounds "1"]
[SourceTitle "Corr 2022"]
[Source "ChessBase"]
[SourceDate "2021.10.24"]
[SourceVersion "1"]
[SourceVersionDate "2021.10.24"]
[SourceQuality "1"]

1. e4 e6 2. d4 d5 3. Nc3 Nf6 4. e5 Nfd7 5. f4 c5 6. Nf3 Nc6 7. Be3 Qb6 8. Na4 Qa5+ 9. c3 cxd4 10. b4 Qd8 11. Nxd4 Nxd4 12. Qxd4 Be7 13. Bd3 b6 14. 0-0 0-0 15. Rf3 f6 16. Rh3 g6 17. Rf1 fxe5 18. fxe5 1-0

[Event "FICGS class C 000083 email"]
[Site "FICGS email"]
[Date "2009.08.15"]
[Round "1"]
[White "Walden, Janeen"]
[Black "Panov, Dmitriy"]
[Result "1/2-1/2"]
[WhiteElo "2000"]
[BlackElo "1800"]
[PlyCount "43"]
[EventDate "2009.??.??"]
[EventType "tourn (corr)"]
[EventRounds "1"]
[SourceTitle "Corr 2022"]
[Source "ChessBase"]
[SourceDate "2021.10.24"]
[SourceVersion "1"]
[SourceVersionDate "2021.10.24"]
[SourceQuality "1"]

1. e4 c5 2. Nf3 d6 3. d4 cxd4 4. Nxd4 Nf6 5. Nc3 g6 6. Be3 Bg7 7. f3 0-0 8. Qd2 Nc6 9. Bc4 Bd7 10. 0-0-0 Rc8 11. Bb3 Ne5 12. Kb1 Nc4 13. Bxc4 Rxc4 14. g4 a6 15. h4 h5 16. gxh5 Nxh5 17. Rhg1 b5 18. Nde2 Be6 19. Bh6 Qd7 20. Bxg7 Kxg7 21. Rg5 Rh8 22. Rdg1 1/2-1/2

[Event "FICGS rapid A 000067 email"]
[Site "FICGS email"]
[Date "2009.08.13"]
[Round "1"]
[White "Vasquez, Fernando Jose Pinto"]
[Black "Walden, Janeen"]
[Result "0-1"]
[WhiteElo "2035"]
[BlackElo "2000"]
[PlyCount "178"]
[EventDate "2009.??.??"]
[EventType "tourn (rapid)"]
[EventRounds "6"]
[SourceTitle "Corr 2022"]
[Source "ChessBase"]
[SourceDate "2021.10.24"]
[SourceVersion "1"]
[SourceVersionDate "2021.10.24"]
[SourceQuality "1"]

1. e4 c5 2. d4 cxd4 3. c3 dxc3 4. Nxc3 Nc6 5. Nf3 e6 6. Bc4 a6 7. 0-0 b5 8. Bd3 Bb7 9. a4 b4 10. Nd5 d6 11. Ne3 Nf6 12. Nc4 Na5 13. Nxa5 Qxa5 14. Qe2 Be7 15. Nd2 0-0 16. Nc4 Qd8 17. Rd1 Nd7 18. Bf4 e5 19. a5 exf4 20. Qd2 Ne5 21. Qxb4 Nxc4 22. Bxc4 Bxe4 23. Bxf7+ Rxf7 24. Qxe4 Rb8 25. Qc6 Qc8 26. Rdc1 Qxc6 27. Rxc6 Rxb2 28. Rxa6 d5 29. Rc6 Bf6 30. a6 Ra7 31. f3 Bd4+ 32. Kh1 Rb6 33. Rxb6 Bxb6 34. g3 d4 35. Kg2 fxg3 36. hxg3 Kf7 37. Kf1 Ke6 38. Ke2 Kd5 39. Kd3 Bc5 40. f4 h5 41. Ra5 Re7 42. Ra4 Re3+ 43. Kd2 Ba7 44. Ra5+ Ke4 45. Rxh5 Ra3 46. Re5+ Kf3 47. Re7 Rxa6 48. Rd7 g6 49. Rd5 Kxg3 50. f5 g5 51. Rd7 Bc5 52. Rd5 Bb4+ 53. Kd3 Bc3 54. f6 Rxf6 55. Rxg5+ Kf2 56. Rh5 Rf3+ 57. Kc4 Ke3 58. Rh6 Bb2 59. Kb3 Rf2 60. Rh3+ Kf4 61. Rh4+ Kg5 62. Rh1 Bc3 63. Kc4 Rf4 64. Rh3 Ba5 65. Rd3 Bb6 66. Rb3 Bd8 67. Rg3+ Kf5 68. Rd3 Bf6 69. Kd5 Kg4 70. Kc5 Rf3 71. Rd1 Kf4 72. Kc4 Ke4 73. Re1+ Re3 74. Rf1 Be5 75. Rh1 Rc3+ 76. Kb4 Bf4 77. Re1+ Be3 78. Ra1 Rc8 79. Ra7 d3 80. Re7+ Kf3 81. Rf7+ Ke2 82. Rd7 d2 83. Kb5 d1Q 84. Rxd1 Kxd1 85. Ka6 Rb8 86. Ka5 Kc2 87. Ka6 Kc3 88. Ka5 Kc4 89. Ka6 Bc5 0-1

[Event "FICGS class C 000121 email"]
[Site "FICGS email"]
[Date "2009.08.12"]
[Round "1"]
[White "Panov, Dmitriy"]
[Black "Walden, Janeen"]
[Result "1/2-1/2"]
[WhiteElo "1800"]
[BlackElo "2000"]
[PlyCount "48"]
[EventDate "2009.??.??"]
[EventType "tourn (corr)"]
[EventRounds "4"]
[SourceTitle "Corr 2022"]
[Source "ChessBase"]
[SourceDate "2021.10.24"]
[SourceVersion "1"]
[SourceVersionDate "2021.10.24"]
[SourceQuality "1"]

1. e4 c5 2. c3 Nf6 3. e5 Nd5 4. d4 cxd4 5. cxd4 d6 6. exd6 Nc6 7. dxe7 Qxe7+ 8. Be2 Qb4+ 9. Nd2 Nf4 10. g3 Nxe2 11. Qxe2+ Be7 12. Ngf3 Bh3 13. d5 Nd4 14. Nxd4 Qxd4 15. Qc4 Qe5+ 16. Kd1 Rd8 17. Re1 Qxd5 18. Qxd5 Rxd5 19. Re3 Kd7 20. Ke1 Bb4 21. f3 Bf5 22. Ke2 Bc5 23. Nc4 Bxe3 24. Nxe3 Bd3+ 1/2-1/2

[Event "FICGS class C 000121 email"]
[Site "FICGS email"]
[Date "2009.08.12"]
[Round "1"]
[White "Walden, Janeen"]
[Black "Boissier, Lucien"]
[Result "1-0"]
[WhiteElo "2000"]
[BlackElo "1710"]
[PlyCount "29"]
[EventDate "2009.??.??"]
[EventType "tourn (corr)"]
[EventRounds "4"]
[SourceTitle "Corr 2022"]
[Source "ChessBase"]
[SourceDate "2021.10.24"]
[SourceVersion "1"]
[SourceVersionDate "2021.10.24"]
[SourceQuality "1"]

1. e4 d6 2. d4 Nf6 3. Nc3 c6 4. f4 Qa5 5. Bd3 e5 6. Nf3 Bg4 7. Be3 Nbd7 8. 0-0 Be7 9. h3 exf4 10. Bxf4 Bxf3 11. Qxf3 Qb6 12. Ne2 0-0 13. Kh1 a5 14. Be3 c5 15. a4 1-0

[Event "FICGS class A 000055 email"]
[Site "FICGS email"]
[Date "2009.08.12"]
[Round "1"]
[White "Walden, Janeen"]
[Black "Dorin, Iacob"]
[Result "1/2-1/2"]
[WhiteElo "2000"]
[BlackElo "2059"]
[PlyCount "39"]
[EventDate "2009.??.??"]
[EventType "tourn (corr)"]
[EventRounds "6"]
[SourceTitle "Corr 2022"]
[Source "ChessBase"]
[SourceDate "2021.10.24"]
[SourceVersion "1"]
[SourceVersionDate "2021.10.24"]
[SourceQuality "1"]

1. e4 e5 2. Nf3 Nc6 3. Bb5 Nf6 4. 0-0 Nxe4 5. d4 Nd6 6. Bxc6 dxc6 7. dxe5 Nf5 8. Qxd8+ Kxd8 9. Nc3 Ke8 10. h3 Be7 11. Bf4 Be6 12. b3 Rd8 13. Rad1 h6 14. Ne2 Ba3 15. c4 c5 16. g4 Ne7 17. Bg3 Nc6 18. Nf4 a6 19. Kg2 Bb4 20. Rxd8+ 1/2-1/2

[Event "FICGS class C 000082 email"]
[Site "FICGS email"]
[Date "2009.08.01"]
[Round "1"]
[White "Dumont, Freddy"]
[Black "Walden, Janeen"]
[Result "1-0"]
[WhiteElo "1894"]
[BlackElo "2000"]
[PlyCount "61"]
[EventDate "2009.??.??"]
[EventType "tourn (corr)"]
[EventRounds "1"]
[SourceTitle "Corr 2022"]
[Source "ChessBase"]
[SourceDate "2021.10.24"]
[SourceVersion "1"]
[SourceVersionDate "2021.10.24"]
[SourceQuality "1"]

1. e4 c5 2. Nf3 Nc6 3. d4 cxd4 4. Nxd4 Nf6 5. Nc3 e5 6. Ndb5 d6 7. Bg5 a6 8. Na3 b5 9. Bxf6 gxf6 10. Nd5 f5 11. Bd3 Be6 12. 0-0 Bxd5 13. exd5 Ne7 14. Nxb5 Bg7 15. Nc3 e4 16. Bc4 0-0 17. Qd2 Ng6 18. Rae1 Qh4 19. Bb3 Bh6 20. Qe2 Ne5 21. f4 exf3 22. gxf3 Rae8 23. Ra1 Kh8 24. Qf2 Qh5 25. Kh1 Rg8 26. Ne2 Rg6 27. c3 Reg8 28. Rg1 Nxf3 29. Rxg6 hxg6 30. Ng3 Qg4 31. Bd1 1-0

[Event "FICGS class C 000120 email"]
[Site "FICGS email"]
[Date "2009.08.01"]
[Round "1"]
[White "Price, Eric A Sr"]
[Black "Walden, Janeen"]
[Result "0-1"]
[WhiteElo "1615"]
[BlackElo "2000"]
[PlyCount "36"]
[EventDate "2009.??.??"]
[EventType "tourn (corr)"]
[EventRounds "4"]
[SourceTitle "Corr 2022"]
[Source "ChessBase"]
[SourceDate "2021.10.24"]
[SourceVersion "1"]
[SourceVersionDate "2021.10.24"]
[SourceQuality "1"]

1. e4 c5 2. Nf3 Nc6 3. d4 cxd4 4. Nxd4 Nf6 5. Nc3 e5 6. Nf3 Bb4 7. Bd3 Bxc3+ 8. bxc3 0-0 9. 0-0 d6 10. h3 h6 11. Qe2 Be6 12. Rd1 Qc7 13. Ba3 Ne7 14. Bb5 Rfd8 15. Nh4 a6 16. Ba4 Qa5 17. Bxd6 Rxd6 18. Rxd6 Qxa4 0-1

[Event "FICGS class C 000120 email"]
[Site "FICGS email"]
[Date "2009.08.01"]
[Round "1"]
[White "Rusli, Rafnizar"]
[Black "Walden, Janeen"]
[Result "0-1"]
[WhiteElo "1635"]
[BlackElo "2000"]
[PlyCount "38"]
[EventDate "2009.??.??"]
[EventType "tourn (corr)"]
[EventRounds "4"]
[SourceTitle "Corr 2022"]
[Source "ChessBase"]
[SourceDate "2021.10.24"]
[SourceVersion "1"]
[SourceVersionDate "2021.10.24"]
[SourceQuality "1"]

1. d4 d5 2. c4 c6 3. Nc3 Nf6 4. Nf3 e6 5. e3 a6 6. Qc2 c5 7. cxd5 exd5 8. g3 Nc6 9. Bg2 Nb4 10. Qd1 Bf5 11. 0-0 Bd3 12. a3 Bxf1 13. Qxf1 Nc6 14. dxc5 Bxc5 15. b4 Ba7 16. Bb2 0-0 17. Rd1 Qe7 18. Nxd5 Nxd5 19. Rxd5 Rfd8 0-1

[Event "FICGS class C 000120 email"]
[Site "FICGS email"]
[Date "2009.08.01"]
[Round "1"]
[White "Walden, Janeen"]
[Black "Nizar, Muhammad"]
[Result "1-0"]
[WhiteElo "2000"]
[BlackElo "1800"]
[PlyCount "93"]
[EventDate "2009.??.??"]
[EventType "tourn (corr)"]
[EventRounds "4"]
[SourceTitle "Corr 2022"]
[Source "ChessBase"]
[SourceDate "2021.10.24"]
[SourceVersion "1"]
[SourceVersionDate "2021.10.24"]
[SourceQuality "1"]

1. e4 c5 2. Nf3 Nc6 3. d4 cxd4 4. Nxd4 Nf6 5. Nc3 e5 6. Ndb5 d6 7. Bg5 Be7 8. Bxf6 gxf6 9. Nd5 0-0 10. Nxe7+ Qxe7 11. Qxd6 Qd8 12. 0-0-0 Bg4 13. f3 Be6 14. Nc7 Qxd6 15. Rxd6 Rfd8 16. Rxd8+ Rxd8 17. Nxe6 fxe6 18. Bc4 Kf7 19. Rd1 Rd4 20. Bb5 Nd8 21. c3 Rxd1+ 22. Kxd1 f5 23. Ke2 Kf6 24. b4 a6 25. Ba4 b5 26. Bc2 Nb7 27. a4 f4 28. axb5 axb5 29. Bd3 Nd6 30. Kd2 h5 31. h4 Ke7 32. Kc2 Kd7 33. Kb3 Kc6 34. c4 bxc4+ 35. Bxc4 Kd7 36. b5 Nb7 37. Kb4 Kd6 38. b6 Kd7 39. Ba6 Kc6 40. Bxb7+ Kxb7 41. Kc5 Kc8 42. Kc6 Kb8 43. b7 Ka7 44. Kc7 Ka6 45. b8Q Ka5 46. Qb3 Ka6 47. Qa4# 1-0

[Event "FICGS class C 000120 email"]
[Site "FICGS email"]
[Date "2009.08.01"]
[Round "1"]
[White "Walden, Janeen"]
[Black "Ruzin, Mikhail"]
[Result "1/2-1/2"]
[WhiteElo "2000"]
[BlackElo "1786"]
[PlyCount "61"]
[EventDate "2009.??.??"]
[EventType "tourn (corr)"]
[EventRounds "4"]
[SourceTitle "Corr 2022"]
[Source "ChessBase"]
[SourceDate "2021.10.24"]
[SourceVersion "1"]
[SourceVersionDate "2021.10.24"]
[SourceQuality "1"]

1. e4 c5 2. Nf3 Nc6 3. d4 cxd4 4. Nxd4 g6 5. c4 Bg7 6. Be3 Nf6 7. Nc3 Ng4 8. Qxg4 Nxd4 9. Qd1 Ne6 10. Rc1 d6 11. Be2 0-0 12. 0-0 Bd7 13. Qd2 Nc5 14. f3 a5 15. Rfd1 Bc6 16. Bf1 Be5 17. b3 b6 18. Bf4 Qb8 19. Nd5 Qb7 20. Bxe5 dxe5 21. Rb1 Kg7 22. a3 e6 23. Ne3 Rfd8 24. Qc3 Qc7 25. Ng4 Nd7 26. Nf2 Nc5 27. b4 Na4 28. Qe3 h5 29. Rbc1 Rxd1 30. Rxd1 Rd8 31. Rxd8 1/2-1/2

[Event "FICGS rapid A 000066 email"]
[Site "FICGS email"]
[Date "2009.07.28"]
[Round "1"]
[White "Cesbron, Guy"]
[Black "Walden, Janeen"]
[Result "1/2-1/2"]
[WhiteElo "1951"]
[BlackElo "2000"]
[PlyCount "40"]
[EventDate "2009.??.??"]
[EventType "tourn (rapid)"]
[EventRounds "6"]
[SourceTitle "Corr 2022"]
[Source "ChessBase"]
[SourceDate "2021.10.24"]
[SourceVersion "1"]
[SourceVersionDate "2021.10.24"]
[SourceQuality "1"]

1. e4 c5 2. Nf3 Nc6 3. d4 cxd4 4. Nxd4 Nf6 5. Nc3 e5 6. Ndb5 d6 7. Bg5 a6 8. Na3 b5 9. Bxf6 gxf6 10. Nd5 f5 11. Bd3 Be6 12. 0-0 Bxd5 13. exd5 Ne7 14. Nxb5 Bg7 15. Nc3 e4 16. Bc4 0-0 17. Qd2 Ng6 18. Kh1 Qh4 19. g3 Qh3 20. Be2 Rab8 1/2-1/2